000 00625nam a2200265 a 4500
003 AR-BaBNM
005 20251128210226.0
008 082120s2002 ||||||||||||||000 | spa||
020 _a84-206-4653-9
040 _cAR-BaBNM
100 1 _aBozal, Valeriano
245 0 0 _aGoya
260 _aMadrid
_bAlianza Editorial
_c1995
300 _aviii, 63 p.
_bláms.
490 0 _aAlianza Cien
_vv. 53
650 4 _aBIOGRAFIAS
650 4 _aCRITICA DE ARTE
650 4 _aPINTORES
650 4 _aARTE EUROPEO
650 4 _aESTILOS ARTISTICOS
650 4 _aARTE
655 _aBIOGRAFIAS
942 _cBK
998 _cMARTIN
999 _c14581
_d14581